Catálogo

GESTION DE CALIDAD (Registro nro. 9153)

Detalles MARC
000 -LEADER
fixed length control field 00409nam a2200157 a 4500
001 - CONTROL NUMBER
control field 9153
005 - DATE AND TIME OF LATEST TRANSACTION
control field 20180713193127.0
008 - FIXED-LENGTH DATA ELEMENTS--GENERAL INFORMATION
fixed length control field 140415s1992 000 0 spa d
041 ## - LANGUAGE CODE
Language code of text/sound track or separate title spa
082 ## - DEWEY DECIMAL CLASSIFICATION NUMBER
Classification number 658.568
Item number UDA
100 1# - MAIN ENTRY--PERSONAL NAME
Personal name UDAONDO DURAN, MIGUEL
245 10 - TITLE STATEMENT
Title GESTION DE CALIDAD
260 ## - PUBLICATION, DISTRIBUTION, ETC.
Place of publication, distribution, etc. [s.l.] :
Name of publisher, distributor, etc. EDICIONES DIAZ DE SANTOS,
Date of publication, distribution, etc. 1992
300 ## - PHYSICAL DESCRIPTION
Extent 343
650 14 - SUBJECT ADDED ENTRY--TOPICAL TERM
Topical term or geographic name entry element CONTROL DE CALIDAD
Existencias
Withdrawn status Lost status Source of classification or shelving scheme Damaged status Not for loan Collection code Home library Current library Shelving location Date acquired Source of acquisition Inventory number Total Checkouts Full call number Barcode Date last seen Date last checked out Price effective from Koha item type
    Dewey Decimal Classification     General Biblioteca Karol Wojtyla Biblioteca Karol Wojtyla Sala general 03/12/2013 Compra 151000000000000000026333 1 658.568 UDA 23222 05/01/2026 01/09/2018 03/12/2013 Libro